000
00484nam a2200145Ia 4500
008
100122s9999 xx 000 0 und d
082
_b
41924
_a
920.72
100
_a
म्हात्रे माधव
245
_a
बाहुल्याची राणी
260
_b
ललित नाटय प्रकाशन
_c
1905
300
_a
83
630
_a
बाहुल्याची राणी
730
_a
बाहुल्याची राणी
942
_c
BOOK
999
_c
422389
_d
422386